The Negro in France.

Bibliographic Details
Main Author: McCloy, Shelby T. (Shelby Thomas), 1898-1973
Format: Book
Language:English
Published: [Lexington] : University of Kentucky Press, [1961]
Subjects:

MARC

Tag First Indicator Second Indicator Subfields
LEADER 00000cam a2200000 4500
001 in00000039166
005 20200328063032.0
008 720908s1961 eng u
010 |a  61006554  
035 |a (OCoLC)00401606 
035 |9 AAF6552AM 
040 |c WSU  |d TXA  |d UtOrBLW 
049 |a TXAM  |c [330957] 
050 0 |a DC41.N4  |b M3 
092 |a 301.451  |b M165n 
100 1 |a McCloy, Shelby T.  |q (Shelby Thomas),  |d 1898-1973. 
245 1 4 |a The Negro in France. 
264 1 |a [Lexington] :  |b University of Kentucky Press,  |c [1961] 
300 |a 278 pages 
336 |a text  |b txt  |2 rdacontent 
337 |a unmediated  |b n  |2 rdamedia 
338 |a volume  |b nc  |2 rdacarrier 
650 0 |a Blacks  |z France. 
999 |a MARS 
999 f f |s 8f6b4dfe-0d3a-3ef0-a91a-28b00ef5efd4  |i ba33bbf0-f3ba-3638-b411-f2f1b7b7a925  |t 0 
952 f f |p ric  |a Texas A&M University  |b Rellis Campus  |c Joint Library Facility  |d Remote Storage  |t 0  |e DC41.N4 M3  |h Library of Congress classification  |i unmediated -- volume  |m A14800643708 
998 f f |a DC41.N4 M3  |t 0  |l Remote Storage